Loading...
Asvamedha mahayajna eka samskrtika vislesana/
| Main Author: | |
|---|---|
| Format: | Printed Book |
| Published: |
Varanasi:
Harish Chandra Mani Tripathi,
2002.
|
| Subjects: |
| LEADER | 00500nam a22001457a 4500 | ||
|---|---|---|---|
| 082 | |a S 294.5 |b MIT/A | ||
| 100 | |a Mitali Dev | ||
| 245 | |a Asvamedha mahayajna eka samskrtika vislesana/ |c by Mitali Dev. | ||
| 260 | |a Varanasi: |b Harish Chandra Mani Tripathi, |c 2002. | ||
| 300 | |a 567p. | ||
| 650 | |a Hinduism | ||
| 650 | |a Religion | ||
| 942 | |c BK | ||
| 999 | |c 58165 |d 58165 | ||
| 952 | |0 0 |1 0 |4 0 |6 S_294_500000000000000_MIT_A |7 0 |9 81366 |a SSUS |b SSUS |c STACKS |d 2016-01-11 |g 550.00 |o S 294.5 MIT/A |p 079814 |r 2016-01-11 |w 2016-01-11 |y BK | ||